000 00822nam a2200217 a 4500
005 20200104041546.0
008 140312b1997 ck ||||| |||| 00| 0 spa d
041 _aspa
044 _ack
090 _aLB
_b03620
111 _aEncuentro Formación de Dinamizadores en Educación Ambiental
_cSanta Marta
_dfebrero 23 - Marzo 1, 1997
_nIII
_921008
245 _aDimensión ambiental, interdisciplinaria y escuela
_bponentes y resúmenes de ponencias
260 _aSanta Marta
_bProyecto MEN-BID-MMA
_bUniversidad Distrital Francisco José de Caldas
_bMinisterio de Educación Nacional
_c1997
300 _a18 p.
650 _aEducación ambiental
_9162
650 _aEducación no formal
_910951
650 _aCapacitación en educación ambiental
_921010
662 _aColombia
942 _cImpreso
_2z
945 _d2004-07-01
999 _c3979
_d3979